| 000 | 00889nam a22002657a 4500 | ||
|---|---|---|---|
| 001 | 3940 | ||
| 003 | FISKH | ||
| 005 | 20240524153114.0 | ||
| 008 | 240524b cb ||||| |||| 00| 0 eng d | ||
| 040 |
_aFISK _beng _cFISK _dFISK |
||
| 050 | _aPZ7.S52823 | ||
| 082 | _a823.914 | ||
| 100 |
_aShan Darren _d1972- |
||
| 245 |
_aVampire mountain / _cDarren Shan |
||
| 260 |
_aLondon : _bHarperCllins Children's Books , _c2001 |
||
| 300 |
_a161 pages : _c21 cm |
||
| 490 |
_3The saga of darren shan _vBook 4 |
||
| 505 | _aM | ||
| 520 | _aMr. Crepsley leads Darren Shan on a dangerous trek to Vampire Mountain, the very heart of the vampire world, to be presented to the Council, but an encounter with the Vampanese along the way means trouble. | ||
| 521 | 8 |
_a790
_bLexile |
|
| 521 | 8 |
_aM
_bRaz-Plus |
|
| 700 | _aDarren Shan | ||
| 942 |
_2ddc _cBK _n0 |
||
| 999 |
_c3940 _d3940 |
||